Football Continental Championship Winners - Statistics

General Stats
  • This quiz has been taken 1,003 times
    965 since last reset
  • The average score is 44 of 52
Answer Stats
Amount of Wins Answer % Correct
16 Argentina
97%
9 Brazil
97%
7 Egypt
97%
4 Japan
97%
4 Spain
97%
1 Australia
96%
4 Australia
96%
2 France
96%
3 Germany
96%
2 Italy
96%
12 Mexico
96%
15 Uruguay
96%
7 USA
96%
2 Chile
95%
1 Colombia
95%
6 New Zealand
95%
1 Portugal
95%
2 Canada
94%
1 Morocco
93%
1 South Africa
93%
2 South Korea
93%
2 Algeria
91%
1 Greece
91%
2 Paraguay
91%
2 Peru
91%
2 Senegal
91%
3 Nigeria
90%
1 Netherlands
89%
1 Bolivia
88%
5 Cameroon
87%
3 Iran
87%
1 Denmark
86%
4 Ghana
86%
3 Ivory Coast
86%
3 Saudi-Arabia
86%
3 Costa Rica
84%
1 USSR
83%
1 Honduras
82%
1 Tunisia
81%
2 DR Congo/Zaire
80%
2 Qatar
80%
1 Iraq
78%
1 Guatemala
70%
1 Czechoslovakia
69%
1 Republic Congo
64%
1 Haiti
61%
1 Sudan
61%
1 Zambia
60%
1 Ethiopia
59%
1 Israel
58%
1 Kuwait
45%
1 Tahiti
36%
No matching quizzes found
Score Distribution
Percent of People with Each Score
Percentile by Number Answered
Your Score History
You have not taken this quiz since the last reset